Statistics for Can you guess how these Finnish cities are called in Swedish?

Click here to take the quiz!

General Stats

  • This quiz has been taken 56 times
  • The average score is 11 of 12

Answer Stats

QuestionAnswer% Correct
TampereTammerfors
98%
TurkuÅbo
96%
HelsinkiHelsingfors
96%
MaarianhaminaMariehamn
94%
VaasaVasa
92%
EspooEsbo
87%
VantaaVanda
87%
PoriBjörneborg
83%
LahtiLahtis
83%
OuluUleåborg
83%
PorvooBorgå
81%
HämeenlinnaTavastehus
77%

Score Distribution

Percentile by Number Answered

Percent of People with Each Score

Your Score History

You have not taken this quiz